[Event "HCL-B3782"]
[Site "www.playchess.de"]
[Date "2006.01.17"]
[Round "8"]
[White "sripradeep"]
[Black "bonejacker"]
[WhiteElo "1549"]
[BlackElo "1706"]
[PlyCount "30"]
[Result "0-1"]

1.e4 c5 {hello}  2.Nf3 d6 3.d4 cxd4 4.Nxd4 Nf6 
5.Nc3 g6 6.Be3 Bg7 7.h3 O-O 8.Qd2 Nc6 9.O-O-O a6 
10.Bh6 Nxd4 11.Bxg7 Nb3+ 12.axb3 Kxg7 13.e5 Ng8 
14.exd6 exd6 15.Qxd6 Qa5 0-1

[Event "HCL-A2544"]
[Site "www.playchess.de"]
[Date "2006.01.17"]
[Round "14"]
[White "GED"]
[Black "jerrylaine"]
[WhiteElo "1445"]
[BlackElo "1585"]
[PlyCount "36"]
[Result "0-1"]

1.e4 {hello from Liverpool, and good luck}  c6 
2.d4 d5 {greetings from Helsinki!}  3.Nc3 dxe4 {we 
have white Christmas}  4.Nxe4 {i havent seen one 
for years}  Nd7 5.Nf3 Ngf6 6.Nxf6+ Nxf6 7.Bc4 Bf5 
8.Ne5 e6 9.c3 Bd6 10.Bg5 O-O 11.O-O Be7 12.Bd3 
Bxd3 13.Qxd3 Nd5 14.Bxe7 Qxe7 15.Rfe1 Rad8 16.c4 
Nf4 17.Qd2 Qg5 18.f3 Nh3+ 0-1

[Event "HCL-E1527"]
[Site "www.playchess.de"]
[Date "2006.01.17"]
[Round "1"]
[White "superulf"]
[Black "DarianTomb"]
[WhiteElo "1461"]
[BlackElo "1653"]
[PlyCount "46"]
[Result "0-1"]

1.e4 c5 2.c4 d6 3.Nc3 Nf6 4.g3 Nc6 5.Bg2 e5 6.d3 
Be7 7.Nge2 O-O 8.O-O Bd7 9.Bg5 Be6 10.Nd5 h6 
11.Nxe7+ Qxe7 12.Be3 Rfd8 13.f4 Ng4 14.Rf3 Nxe3 
15.Rxe3 Bg4 16.f5 Nd4 17.Bf1 Qg5 18.Qc1 Nc2 
19.Qxc2 Qxe3+ 20.Kh1 Bf3+ 21.Bg2 Bxe2 22.Re1 Bxd3 
23.Qc3 Qd4 0-1

[Event "HCL-B3823"]
[Site "www.playchess.de"]
[Date "2006.01.17"]
[Round "12"]
[White "RUDI"]
[Black "bob19"]
[WhiteElo "1234"]
[BlackElo "1399"]
[PlyCount "56"]
[Result "0-1"]

1.e4 {Hi Bob19!}  e5 2.Nc3 Nc6 3.Bc4 Bc5 4.Nf3 Nf6 
5.O-O O-O 6.d3 d6 7.Qe1 h6 8.Nd5 Nxd5 9.Bxd5 Nb4 
10.Bb3 Be6 11.Qd2 Bxb3 12.cxb3 f5 13.a3 Nc6 14.b4 
fxe4 15.dxe4 Bb6 16.g3 Rxf3 17.Qd5+ Kh7 18.Qe6 Qe7 
19.Qg4 Raf8 20.Bd2 R3xf2 21.Rxf2 Bxf2+ 22.Kh1 Bb6 
23.Qh5 Qf6 24.Rc1 Qf3+ 25.Qxf3 Rxf3 26.Bc3 Nd4 
27.Bd2 Nb3 28.Rd1 Rd3 0-1

[Event "HCL-B3641"]
[Site "www.playchess.de"]
[Date "2006.01.17"]
[Round "30"]
[White "mrchess"]
[Black "tirailleur"]
[WhiteElo "1449"]
[BlackElo "1315"]
[PlyCount "66"]
[Result "1/2-1/2"]

1.d4 {good luck}  d5 {Same to you.}  2.e3 e6 3.f4 
c5 4.c3 Nc6 5.Bd3 Nf6 6.Nd2 Bd7 7.Ngf3 Bd6 8.O-O 
O-O 9.Ne5 Ne8 10.Bxh7+ Kxh7 11.Qh5+ Kg8 12.Rf3 Nf6 
13.Qh4 Ne4 14.Qxd8 Raxd8 15.Nb3 c4 16.Nd2 Nxd2 
17.Bxd2 Bxe5 18.fxe5 Rdb8 19.Raf1 b5 20.R3f4 b4 
21.Rh4 f6 22.exf6 gxf6 23.Rf3 Kf7 24.Rg3 Rfh8 
25.Rf4 Rbg8 26.Rgf3 Rg6 27.cxb4 e5 28.dxe5 Nxe5 
29.R3f1 Nd3 30.R4f3 Rhg8 31.g3 Bg4 32.Bc3 Bxf3 
33.Rxf3 Ke6 {(offering draw)}  1/2-1/2

[Event "HCL-B3753"]
[Site "www.playchess.de"]
[Date "2006.01.17"]
[Round "1"]
[White "dc"]
[Black "Bense"]
[WhiteElo "886"]
[BlackElo "1064"]
[PlyCount "88"]
[Result "0-1"]

1.e4 {:-)}  Nc6 2.Nf3 e5 3.c4 f6 4.Nc3 d6 5.b3 f5 
6.Bd3 f4 7.Nd5 h6 8.Ba3 g5 9.g4 Bxg4 10.h3 Bxf3 
11.Qxf3 Nd4 12.Qh5+ Kd7 13.Qf7+ Kc8 14.c5 dxc5 
15.Rc1 Bd6 16.b4 Qf8 17.Qg6 c6 18.Qe6+ Nxe6 
19.bxc5 Bxc5 20.Bxc5 Nxc5 21.O-O cxd5 22.exd5 Kd8 
23.Bc4 Nf6 24.Bb5 Nxd5 25.Bc4 Qd6 26.Be2 Rc8 27.f3 
Qe6 28.Kg2 h5 29.Rfh1 e4 30.Rce1 Rh6 31.Bc4 Ne3+ 
32.Kh2 Qxc4 33.dxe3 Qxa2+ 34.Kg1 exf3 35.Rh2 Qc4 
36.Rf2 g4 37.Rd1+ Ke8 38.Rd4 Qc1+ 39.Rf1 Qxe3+ 
40.Kh1 Qxd4 41.h4 Qd2 42.Rg1 f2 43.Rf1 Qe2 44.Kg2 
{(offering draw)}  Qf3+ {It was worth a try I 
suppose!}  0-1

[Event "HCL-B3723"]
[Site "www.playchess.de"]
[Date "2006.01.17"]
[Round "4"]
[White "dc"]
[Black "ama49"]
[WhiteElo "916"]
[BlackElo "1187"]
[PlyCount "44"]
[Result "0-1"]

1.e4 {:-)}  e5 2.d4 exd4 3.Qxd4 Nc6 4.Qd5 Nf6 
5.Qd3 Ne5 6.Qe3 d6 7.Nf3 Be6 8.Ng5 Qe7 9.Bb5+ c6 
10.Be2 b6 11.Nc3 Ng6 12.Ba6 b5 13.Qb6 axb6 14.Bb7 
Qxb7 15.O-O O-O-O 16.Be3 d5 17.Ne2 h6 18.Nxf7 Bxf7 
19.g3 Nxe4 20.f3 Nf6 21.Nd4 Bc5 22.Rae1 
Rhe8 0-1

[Event "HCL-B3738"]
[Site "www.playchess.de"]
[Date "2006.01.17"]
[Round "5"]
[White "tbouma"]
[Black "dc"]
[WhiteElo "1140"]
[BlackElo "919"]
[PlyCount "33"]
[Result "1-0"]

1.Nf3 {I'm going to experiment with my opening...} 
 d5 {:-)}  2.g3 Bg4 3.Bg2 Nf6 4.O-O e5 5.Nxe5 Be6 
6.d4 c6 7.Bg5 Be7 8.Qd3 Bd6 9.Nc3 Nbd7 10.Rfe1 h6 
11.Bxf6 Nxf6 12.e4 Ng4 13.exd5 cxd5 14.Nxg4 h5 
15.Qb5+ Kf8 16.Bxd5 a6 17.Qxb7 1-0

[Event "HCL-B3738"]
[Site "www.playchess.de"]
[Date "2006.01.17"]
[Round "12"]
[White "bossjos"]
[Black "dc"]
[WhiteElo "1279"]
[BlackElo "919"]
[PlyCount "29"]
[Result "1-0"]

1.e4 e5 {:-)}  2.Nf3 {hi again}  Nc6 {:-)}  3.Bc4 
Bc5 4.c3 b6 5.d4 Be7 6.dxe5 d6 7.exd6 Bxd6 8.O-O 
Nf6 9.Bg5 Ne5 10.Nxe5 Qe7 11.Nf3 h6 12.Bh4 g5 
13.Bg3 Bg4 14.Re1 Nxe4 15.Bd5 1-0

[Event "HCL-B3756"]
[Site "www.playchess.de"]
[Date "2006.01.17"]
[Round "4"]
[White "dc"]
[Black "epenz"]
[WhiteElo "885"]
[BlackElo "977"]
[PlyCount "26"]
[Result "0-1"]

1.Nf3 {;-)}  d5 2.d4 Nf6 3.Nc3 e6 4.Ne5 c5 5.e4 
dxe4 6.d5 exd5 7.Bf4 Be6 8.Nb5 a6 9.Nc7+ Qxc7 
10.Ng6 hxg6 11.Bxc7 Nbd7 12.f3 e3 13.Bd3 
d4 0-1

[Event "HCL-B3771"]
[Site "www.playchess.de"]
[Date "2006.01.17"]
[Round "5"]
[White "RUDI"]
[Black "dc"]
[WhiteElo "1253"]
[BlackElo "892"]
[PlyCount "25"]
[Result "1-0"]

1.d4 {here we are again, good luck!}  d5 {Same to 
you!}  2.Nc3 Nf6 3.Bf4 Nc6 4.e3 Bf5 5.a3 Ne4 
6.Nxe4 Bxe4 7.f3 Bf5 8.g4 Bg6 9.Bd3 e5 10.Bxg6 
hxg6 11.dxe5 Bc5 12.g5 d4 13.Qd3 1-0

[Event "HCL-B3771"]
[Site "www.playchess.de"]
[Date "2006.01.17"]
[Round "12"]
[White "epenz"]
[Black "dc"]
[WhiteElo "944"]
[BlackElo "892"]
[PlyCount "23"]
[Result "1-0"]

1.e4 {hi}  e5 {Best of luck!}  2.Nf3 {you too...}  
Nc6 3.Bc4 Bc5 4.h3 Qf6 5.Nc3 Nge7 6.d3 b6 7.O-O 
Bb7 8.Ng5 d5 9.exd5 Nd4 10.a3 O-O 11.Nb5 Nxb5 
12.Bxb5 1-0

[Event "HCL-C3940"]
[Site "www.playchess.de"]
[Date "2006.01.17"]
[Round "12"]
[White "Milosforman"]
[Black "dc"]
[WhiteElo "1040"]
[BlackElo "887"]
[PlyCount "63"]
[Result "1-0"]

1.d4 d5 {:-)}  2.Nf3 Nc6 3.e3 e5 4.dxe5 Bb4+ 5.c3 
Bc5 6.Bb5 Bf5 7.Nbd2 Qe7 8.b4 a6 9.Bxc6+ bxc6 
10.bxc5 Qxc5 11.a4 Nh6 12.h3 Bd3 13.Qb3 O-O 14.Ba3 
Bc4 15.Bxc5 Bxb3 16.Nxb3 Rfe8 17.Bd4 Rab8 18.Nh4 
Rxb3 19.Kd2 c5 20.Bxc5 g5 {(offering draw)}  
21.Nf3 Nf5 {(offering draw)}  22.Nd4 Rxe5 23.Nxb3 
Nh4 {(offering draw)}  24.Nd4 Nxg2 25.Rhg1 Nh4 
26.Nc6 Nf3+ 27.Kd3 h6 28.Rg3 Nh4 29.Nxe5 f6 30.Nf3 
Nxf3 31.Rxf3 Kg7 32.Rf5 1-0

[Event "HCL-C3940"]
[Site "www.playchess.de"]
[Date "2006.01.17"]
[Round "5"]
[White "JRockne"]
[Black "dc"]
[WhiteElo "1085"]
[BlackElo "887"]
[PlyCount "79"]
[Result "1-0"]

1.e4 d5 {:-)}  2.exd5 {WE meet again.}  Qxd5 
{|:-)}  3.Nc3 Qg5 4.Nf3 Qf4 5.d3 Qf6 6.Bg5 Qe6+ 
7.Qe2 Qxe2+ 8.Bxe2 f6 9.Bf4 e5 10.Bg3 Be6 11.O-O 
Bd6 12.h3 Nc6 13.a3 Nge7 14.Nb5 a6 15.Nc3 O-O-O 
16.Ne4 h5 17.Nh4 g5 18.Nf3 h4 19.Bh2 f5 20.Nexg5 
Bd5 21.c4 Bxf3 22.Bxf3 e4 23.dxe4 Nd4 24.Nf7 Rdg8 
25.Kh1 Nxf3 26.Nxh8 Nxh2 27.Rfe1 f4 28.f3 Nxf3 
29.gxf3 Rxh8 30.Reg1 b5 31.Rac1 Nc6 32.cxb5 Nd4 
33.bxa6 Nxf3 34.Rgf1 Nd2 35.Rfd1 Nxe4 36.Kg2 Rg8+ 
37.Kf3 Ng5+ 38.Kg4 Ne4+ 39.Kxh4 Be7+ 
40.Kh5 1-0

[Event "HCL-C3932"]
[Site "www.playchess.de"]
[Date "2006.01.17"]
[Round "13"]
[White "Grunert"]
[Black "dc"]
[WhiteElo "1062"]
[BlackElo "900"]
[PlyCount "95"]
[Result "1-0"]

1.d4 d5 {:-)}  2.e3 e5 3.dxe5 Nc6 4.Nf3 Bg4 5.h3 
Bxf3 6.Qxf3 Nh6 7.Nc3 Nxe5 8.Qd1 Nf5 9.Nxd5 c6 
10.Nc3 Qf6 11.g4 Nh4 12.Be2 Ng2+ 13.Kf1 Nh4 14.Bd2 
Nef3 15.Bxf3 Nxf3 16.Kg2 Bd6 17.Qxf3 Qh4 18.Ne4 
Be5 19.Bc3 Bxc3 20.bxc3 O-O 21.Rad1 h5 22.gxh5 f5 
23.Ng3 f4 24.exf4 Rxf4 25.Qd3 Raf8 26.Rdf1 R4f3 
27.Qe2 Qg5 28.Rfe1 Qd5 29.Qe6+ R8f7 30.Qxd5 R3xf2+ 
31.Kg1 cxd5 {(offering draw)}  32.Rf1 Rxc2 
{(offering draw)}  33.Rxf7 Kxf7 34.Rh2 Rxc3 35.Rg2 
d4 36.Ne4 Rxh3 37.Ng5+ Kg8 38.Nxh3 Kh7 39.Rd2 b5 
40.Rxd4 Kh6 41.Nf4 a5 42.Rd5 b4 43.Rxa5 Kh7 44.Rb5 
Kh6 45.Rxb4 Kg5 46.a4 Kf6 47.a5 Ke7 {(offering 
draw)}  48.a6 {is it a joke?}  1-0

[Event "HCL-C3862"]
[Site "www.playchess.de"]
[Date "2006.01.17"]
[Round "1"]
[White "dc"]
[Black "epenz"]
[WhiteElo "965"]
[BlackElo "914"]
[PlyCount "158"]
[Result "0-1"]

1.d4 d5 2.e4 dxe4 3.d5 c6 4.c4 cxd5 5.c5 e6 6.Bb5+ 
Bd7 7.c6 bxc6 8.Ba4 Bb4+ 9.Bd2 Bxd2+ 10.Qxd2 c5 
11.Bxd7+ Qxd7 12.Ne2 d4 13.O-O Nc6 14.Qf4 Nf6 
15.Nd2 Qd5 16.Qc7 O-O 17.Nf4 Qd7 18.Qxd7 Nxd7 
19.Rae1 e5 20.Nd5 Nf6 21.Nxf6+ gxf6 22.Rxe4 Rab8 
23.b3 Nb4 24.a4 a5 25.Nc4 Nc6 26.Rg4+ Kh8 27.Nd6 
Rxb3 28.Nf5 d3 29.Rg3 c4 30.Rc1 d2 31.Rd1 c3 
32.Ne3 f5 33.Nc2 Rg8 34.Rd3 Nb4 35.Na1 Ra3 36.h4 
e4 37.Rd4 {(offering draw)}  Re8 38.Rd7 Kg8 39.Ra7 
Rxa4 40.Nb3 Nc6 41.Rc7 Rc4 42.Nxd2 cxd2 43.Rxd2 a4 
44.Rd6 a3 45.Rdxc6 Ra4 46.Rf6 Rf8 47.Rxf5 a2 
48.Rg5+ Kh8 49.Rc1 f5 50.Ra1 {(offering draw)}  h6 
51.Rh5 Kg7 52.Kh2 Kg6 53.g4 fxg4 54.Re5 Rxf2+ 
55.Kg3 Re2 56.Kxg4 e3+ 57.Kf3 Rb2 58.h5+ Kf6 
59.Rxe3 {(offering draw)}  Rb1 60.Rxa2 {(offering 
draw)}  Rxa2 61.Kf4 Rg1 62.Rb3 Ra4+ 63.Ke3 Ra5 
64.Rb6+ Kg7 65.Kf2 Rga1 66.Rg6+ Kh7 67.Kg3 
{(offering draw)}  Rxh5 68.Kg4 Raa5 69.Rf6 Rag5+ 
70.Kf4 Rh4+ 71.Kf3 Ra5 72.Rf7+ Kg6 73.Rf4 Rxf4+ 
74.Kxf4 Rg5 75.Ke3 {(offering draw)}  h5 {I think 
this is more than a draw...}  76.Kf3 {(offering 
draw) I'm willing to split it - you?}  h4 77.Kf4 
{(offering draw)}  h3 78.Kf3 h2 79.Kf2 
h1Q 0-1

[Event "HCL-B3718"]
[Site "www.playchess.de"]
[Date "2006.01.17"]
[Round "18"]
[White "mrchess"]
[Black "dc"]
[WhiteElo "1405"]
[BlackElo "916"]
[PlyCount "71"]
[Result "1-0"]

1.d4 {good luck}  d5 {:-)}  2.e3 e5 3.dxe5 Be6 
4.Nf3 Bc5 5.Bd3 Nc6 6.c3 f6 7.Nd4 fxe5 8.Nxe6 Qe7 
9.Qg4 Nf6 10.Qxg7 Rg8 11.Qxe7+ Bxe7 12.Nxc7+ Kf7 
13.Nxa8 Rxa8 14.b3 Rg8 15.O-O e4 16.Be2 Bd6 17.a4 
a5 18.Ba3 Be5 19.Bc5 Nd8 20.Bd4 Nc6 21.Bxe5 Nxe5 
22.Na3 Ke6 23.Nb5 h5 24.c4 h4 25.h3 Nc6 {(offering 
draw)}  26.cxd5+ {your funny}  Kxd5 27.Rfd1+ Ke5 
28.Bc4 Re8 29.Rd2 Nb4 30.Rad1 Nd3 31.Bxd3 exd3 
32.R2xd3 Kf5 33.Nd6+ Kg6 34.Nxb7 Re4 35.Nxa5 Ne8 
36.f3 1-0

[Event "HCL-B3774"]
[Site "www.playchess.de"]
[Date "2006.01.17"]
[Round "8"]
[White "nichju"]
[Black "dc"]
[WhiteElo "1007"]
[BlackElo "892"]
[PlyCount "21"]
[Result "1-0"]

1.e4 e5 {:-)}  2.Nf3 Nc6 3.Nc3 Nf6 4.Bc4 a6 5.d3 
Nd4 6.Bg5 h6 7.Bxf6 Qxf6 8.Nd5 Qc6 9.Nxe5 Qc5 
10.c3 d6 11.Ng4 1-0

[Event "HCL-B3774"]
[Site "www.playchess.de"]
[Date "2006.01.17"]
[Round "7"]
[White "dc"]
[Black "nichju"]
[WhiteElo "892"]
[BlackElo "1007"]
[PlyCount "20"]
[Result "0-1"]

1.e4 {:-)}  e5 {;-)}  2.d4 exd4 3.e5 Nc6 4.Nf3 f6 
5.Bf4 fxe5 6.Bg5 Be7 7.h4 e4 8.Nxd4 Bxg5 9.hxg5 
Qxg5 10.Nc3 Nf6 0-1

[Event "HCL-B3718"]
[Site "www.playchess.de"]
[Date "2006.01.17"]
[Round "2"]
[White "dc"]
[Black "adamant"]
[WhiteElo "916"]
[BlackElo "1251"]
[PlyCount "36"]
[Result "0-1"]

1.e4 {:-)}  e5 2.d4 exd4 3.e5 Nc6 4.f4 Bc5 5.c3 
Nge7 6.Nf3 Nf5 7.b4 Bb6 8.Bc4 O-O 9.Ng5 d5 10.exd6 
Qxd6 11.cxd4 Ncxd4 12.Nd2 Re8+ 13.Nde4 Qxb4+ 
14.Bd2 Qxc4 15.Rc1 Qb5 16.a4 Qd5 17.Qh5 h6 18.O-O 
hxg5 0-1

[Event "HCL-B3723"]
[Site "www.playchess.de"]
[Date "2006.01.17"]
[Round "2"]
[White "Grunert"]
[Black "dc"]
[WhiteElo "939"]
[BlackElo "916"]
[PlyCount "41"]
[Result "1-0"]

1.d4 d5 {:-)}  2.e3 e5 3.dxe5 Nc6 4.Nf3 f6 5.exf6 
Qxf6 6.Nc3 Bb4 7.Bd2 d4 8.exd4 Bg4 9.h3 Bf5 10.Nd5 
Qe6+ 11.Ne3 Nf6 12.Bxb4 b6 13.Bc3 Be4 14.Bd3 O-O-O 
15.Bxe4 Qxe4 16.O-O h5 17.Ng5 Qf4 18.Ne6 Qd6 
19.Nxg7 Rdg8 20.Nef5 Qf4 21.Nxh5 1-0

[Event "HCL-B3718"]
[Site "www.playchess.de"]
[Date "2006.01.17"]
[Round "24"]
[White "dc"]
[Black "Grunert"]
[WhiteElo "916"]
[BlackElo "939"]
[PlyCount "40"]
[Result "0-1"]

1.e4 {:-)}  e5 2.d4 exd4 3.e5 Nc6 4.Nf3 Qe7 5.a3 
Nxe5 6.Nxe5 Qxe5+ 7.Be2 d6 8.g3 Qe4 9.f3 Qe7 
10.Qxd4 Nf6 11.Bg5 h6 12.Bxf6 gxf6 13.Nd2 b6 
14.O-O-O Kd8 15.Ne4 Bb7 16.Nxf6 Rg8 17.Nxg8 Qxe2 
18.Qh4+ Kd7 19.Rhe1 Qxf3 20.Nf6+ 
Kc8 0-1

[Event "HCL-E1539"]
[Site "www.playchess.de"]
[Date "2006.01.17"]
[Round "17"]
[White "Vinci"]
[Black "yannick"]
[WhiteElo "1583"]
[BlackElo "1604"]
[PlyCount "36"]
[Result "0-1"]

1.e4 {hi and enjoy the game}  d6 {hello you too}  
2.Nc3 Nf6 3.d4 g6 4.Nf3 Bg7 5.Bd3 O-O 6.O-O Bg4 
7.h3 Bxf3 8.Qxf3 Nc6 9.Be3 Qd7 10.a3 e5 11.Ne2 d5 
12.c3 Rae8 13.Bb5 {ouff...}  dxe4 {...}  14.Qg3 
exd4 15.Nxd4 {congratulation for winning the other 
game!}  Nxd4 {thanks,this game is for you ?}  
16.Bxd7 {is it? it was not necessary to change now 
the queens, the change is better for me i think 
(rook)}  Ne2+ {let's go}  17.Kh2 {i see! totally 
equal!?!}  Nxg3 {perhaps}  18.Bxe8 {a pawn for 
you}  Nxf1+ {yes}  0-1

[Event "HCL-B3738"]
[Site "www.playchess.de"]
[Date "2006.01.17"]
[Round "4"]
[White "djpnola"]
[Black "dc"]
[WhiteElo "1177"]
[BlackElo "919"]
[PlyCount "41"]
[Result "1-0"]

1.f4 {Hello again}  f5 {:-)}  2.d4 d5 3.Nc3 Nf6 
4.g3 e6 5.Bh3 Bb4 6.Bd2 Ne4 7.Nxe4 dxe4 8.Bxb4 Nc6 
9.c3 Qf6 10.e3 b6 11.Qh5+ g6 12.Qh4 Qxh4 13.gxh4 
Ba6 14.O-O-O O-O-O 15.Bf1 h5 16.Nh3 Bxf1 17.Rhxf1 
Rd5 18.Ng5 Rf8 19.Bxf8 Na5 20.Nxe6 Nc4 
21.Rfe1 1-0

[Event "HCL-B3738"]
[Site "www.playchess.de"]
[Date "2006.01.17"]
[Round "3"]
[White "dc"]
[Black "djpnola"]
[WhiteElo "919"]
[BlackElo "1177"]
[PlyCount "40"]
[Result "0-1"]

1.e4 {:-)}  e5 2.d4 Bd6 3.d5 Nf6 4.Nc3 O-O 5.Bg5 
Be7 6.Nh3 d6 7.Bxf6 Bxf6 8.Qf3 c5 9.Bc4 Bh4 10.g3 
Bxh3 11.gxh4 Qxh4 12.O-O-O Bg4 13.Qg3 Qxg3 14.hxg3 
Bxd1 15.Rxd1 a6 16.a4 b5 17.f4 f6 18.f5 bxc4 19.a5 
g6 20.g4 gxf5 0-1

[Event "HCL-B3723"]
[Site "www.playchess.de"]
[Date "2006.01.17"]
[Round "14"]
[White "dc"]
[Black "Jule"]
[WhiteElo "916"]
[BlackElo "1354"]
[PlyCount "38"]
[Result "0-1"]

1.e4 {:-)}  e5 2.d4 exd4 3.Qxd4 Nc6 4.Qe3 Nf6 
5.Nc3 b6 6.e5 Bc5 7.Qf4 Qe7 8.Be3 Nh5 9.Qc4 Nxe5 
10.Qd5 Rb8 11.Bb5 Bb7 12.Qd2 Bxg2 13.f3 Bxh1 
14.Nd5 Qh4+ 15.Ke2 Qxh2+ 16.Kd1 Qxd2+ 17.Bxd2 Bxg1 
18.Nxc7+ Kd8 19.Na6 Bxf3+ 0-1

[Event "HCL-B3738"]
[Site "www.playchess.de"]
[Date "2006.01.17"]
[Round "6"]
[White "dc"]
[Black "tbouma"]
[WhiteElo "919"]
[BlackElo "1140"]
[PlyCount "40"]
[Result "0-1"]

1.e4 {:-)}  e5 {hey - welcome back!!!}  2.d4 {:-)} 
 exd4 3.e5 Nc6 4.f4 Bb4+ 5.c3 Ba5 6.b4 Bb6 7.Nf3 
dxc3 8.Nxc3 Nge7 9.Bc4 Nxb4 10.Nd5 Nexd5 11.Bxd5 
Nxd5 12.a4 Ba5+ 13.Nd2 Nxf4 14.O-O Bb6+ 15.Kh1 Qg5 
16.g3 Ne6 17.Nc4 Qe7 18.a5 Bd4 19.Qg4 Bxa1 20.Ba3 
Qg5 0-1

[Event "HCL-B3734"]
[Site "www.playchess.de"]
[Date "2006.01.17"]
[Round "4"]
[White "PhilipKaveny"]
[Black "dc"]
[WhiteElo "1348"]
[BlackElo "919"]
[PlyCount "73"]
[Result "1-0"]

1.e4 e5 {:-)}  2.Bc4 Nf6 3.Nf3 Nc6 4.Ng5 Rg8 
5.Bxf7+ Ke7 {Dumb move on my part, eh?}  6.Bxg8 
Nxg8 7.d3 h6 8.Nf3 d5 9.exd5 Qxd5 10.O-O Bf5 
11.Nc3 Qe6 12.Re1 Kd7 13.d4 Qg6 14.dxe5+ Ke6 
15.Qd5+ Ke7 16.Nh4 Qe6 17.Qxe6+ Kxe6 18.Nxf5 Kxf5 
19.g4+ Kxg4 20.Re4+ Kf5 21.Rf4+ Kxe5 22.Bd2 Nb4 
23.Re1+ Kd6 24.Ne4+ Kd7 25.Rf7+ Kc6 26.Bxb4 Bxb4 
27.c3 Be7 28.Rxg7 Rf8 29.b4 b5 30.Rg6+ Kb7 31.Nc5+ 
Kc8 32.Ne6 Re8 33.Nc5 h5 34.Kf1 Rf8 35.Ne6 Re8 
36.Nc5 Nf6 37.Rxf6 1-0

[Event "HCL-B3723"]
[Site "www.playchess.de"]
[Date "2006.01.17"]
[Round "8"]
[White "gonz_human"]
[Black "dc"]
[WhiteElo "1342"]
[BlackElo "916"]
[PlyCount "28"]
[Result "1-0"]

1.d4 {Hello from Germany ; )}  d5 {:-)}  2.c4 e5 
3.dxe5 d4 4.Nf3 c5 5.e3 Bg4 6.Be2 f6 7.exd4 fxe5 
8.dxe5 Nc6 9.Bg5 Be7 10.Qxd8+ Rxd8 11.Bxe7 Ncxe7 
12.Nc3 Nh6 13.Rd1 O-O 14.h3 Bxf3 1-0

[Event "HCL-B3723"]
[Site "www.playchess.de"]
[Date "2006.01.17"]
[Round "7"]
[White "dc"]
[Black "gonz_human"]
[WhiteElo "916"]
[BlackElo "1342"]
[PlyCount "29"]
[Result "0-1"]

1.e4 {:-)}  e6 2.e5 d5 3.d4 c5 4.Be3 cxd4 5.Qxd4 
Nc6 6.Bb5 Bd7 7.Qg4 Nxe5 8.Qa4 Bxb5 9.Qxb5+ Qd7 
10.Qe2 Bd6 11.Nc3 Nf6 12.Bd4 Nc6 13.Bxf6 gxf6 
14.Nf3 O-O-O 15.O-O-O 0-1

[Event "HCL-B3738"]
[Site "www.playchess.de"]
[Date "2006.01.17"]
[Round "11"]
[White "dc"]
[Black "bossjos"]
[WhiteElo "919"]
[BlackElo "1279"]
[PlyCount "29"]
[Result "0-1"]

1.e4 {:-)}  e5 2.d4 exd4 3.e5 Nc6 4.Nf3 d6 5.Ng5 
dxe5 6.Nxf7 Kxf7 7.Qf3+ Qf6 8.Qd5+ Be6 9.Qb5 Rb8 
10.Na3 a6 11.Qe2 Bxa3 12.bxa3 Nge7 13.h4 Rhd8 
14.Bg5 Qg6 15.Qd2 0-1

[Event "HCL-B3718"]
[Site "www.playchess.de"]
[Date "2006.01.17"]
[Round "3"]
[White "valpa"]
[Black "dc"]
[WhiteElo "1084"]
[BlackElo "916"]
[PlyCount "36"]
[Result "1-0"]

1.b4 b5 {:-)}  2.Bb2 a5 3.a3 a4 4.e3 e5 5.Bxe5 d6 
6.Bb2 Bb7 7.Nf3 Nf6 8.Be2 Nbd7 9.O-O Ng4 10.h3 
Bxf3 11.Bxf3 Nxf2 12.Rxf2 Qg5 13.Bxa8 d5 14.Qf3 f6 
15.Bxd5 Nb6 16.Bc6+ Nd7 17.Qe4+ Be7 18.Bxd7+ 
Kf7 1-0

[Event "HCL-B3756"]
[Site "www.playchess.de"]
[Date "2006.01.17"]
[Round "3"]
[White "epenz"]
[Black "dc"]
[WhiteElo "977"]
[BlackElo "885"]
[PlyCount "28"]
[Result "1-0"]

1.e4 e5 2.Nf3 Nc6 3.Bc4 h5 4.d3 Bc5 5.Nc3 Qf6 
6.Nd5 Qd6 7.Ng5 Nh6 8.Nf3 b6 9.O-O Bb7 10.h3 O-O-O 
11.a3 Na5 12.Ba2 f6 13.b4 Nc6 14.bxc5 
Qxc5 1-0

[Event "HCL-B3756"]
[Site "www.playchess.de"]
[Date "2006.01.17"]
[Round "8"]
[White "unclcarle"]
[Black "dc"]
[WhiteElo "1099"]
[BlackElo "885"]
[PlyCount "20"]
[Result "1-0"]

1.e4 {Hello again.  Have a good game}  e5 {;-)}  
2.Nf3 Nc6 3.Bb5 Bc5 4.O-O a6 5.Bxc6 dxc6 6.Nc3 Nf6 
7.d3 Ng4 8.Be3 Nxe3 9.fxe3 Bxe3+ 10.Kh1 
Bg4 1-0

[Event "HCL-B3738"]
[Site "www.playchess.de"]
[Date "2006.01.17"]
[Round "18"]
[White "dc"]
[Black "epenz"]
[WhiteElo "919"]
[BlackElo "983"]
[PlyCount "35"]
[Result "0-1"]

1.e4 {:-)}  e5 {hi}  2.d4 f6 3.d5 d6 4.Bb5+ Bd7 
5.Nc3 a6 6.Bxd7+ Nxd7 7.Qd3 c6 8.Be3 Ne7 9.Nf3 
cxd5 10.O-O d4 11.Nd5 Nxd5 12.exd5 Be7 13.Rae1 
dxe3 14.Rxe3 O-O 15.b4 a5 16.b5 b6 17.Nh4 f5 
18.Nxf5 0-1

[Event "HCL-B3738"]
[Site "www.playchess.de"]
[Date "2006.01.17"]
[Round "17"]
[White "epenz"]
[Black "dc"]
[WhiteElo "983"]
[BlackElo "919"]
[PlyCount "36"]
[Result "1-0"]

1.e4 {hi}  e5 {:-)}  2.Nf3 Nc6 3.Bb5 Bc5 4.d3 a6 
5.Bxc6 dxc6 6.Nxe5 Qe7 7.Nf3 Bg4 8.O-O Nf6 9.Re1 
O-O 10.h3 Bxf3 11.Qxf3 g6 12.Bh6 Rfe8 13.Nc3 Bd4 
14.Rab1 b5 15.Ne2 Kh8 16.Nxd4 Ng8 17.Nxc6 Qh4 
18.Bd2 Re6 1-0

[Event "HCL-B3775"]
[Site "www.playchess.de"]
[Date "2006.01.17"]
[Round "19"]
[White "nichju"]
[Black "Regicide"]
[WhiteElo "1003"]
[BlackElo "986"]
[PlyCount "63"]
[Result "1-0"]

1.e4 e5 {Hello}  2.Nf3 {Hello, nice to meet you}  
Qe7 3.Nc3 c6 4.Bc4 b5 5.Bb3 a5 6.a4 b4 7.Ne2 Na6 
8.d4 f6 9.dxe5 fxe5 10.Bg5 Nf6 11.O-O h6 12.Bh4 g5 
13.Bg3 d6 14.Nd2 d5 15.exd5 cxd5 16.Nf3 Nc5 
17.Nxe5 Qg7 18.Bxd5 Nxd5 19.Qxd5 Ra6 20.Rad1 Bd7 
21.Nxd7 Nxd7 22.Qb7 Rb6 23.Qc8+ Kf7 24.Qxd7+ Be7 
25.f4 g4 26.Bh4 Re8 27.Qd5+ Kf8 28.Bxe7+ Rxe7 
29.Qf5+ Rf6 30.Rd8+ Re8 31.Qc5+ Kf7 
32.Rd7+ 1-0

[Event "HCL-C4065"]
[Site "www.playchess.de"]
[Date "2006.01.17"]
[Round "17"]
[White "nico21"]
[Black "alauddin"]
[WhiteElo "1472"]
[BlackElo "953"]
[PlyCount "65"]
[Result "1-0"]

1.e4 d5 2.exd5 Qxd5 3.Nc3 Qe5+ 4.Be2 Nf6 5.d4 Qf5 
6.Nf3 Nc6 7.O-O e5 8.Re1 Nb4 9.Bd3 Nxd3 10.Qxd3 
Qxd3 11.cxd3 Bg4 12.Nxe5 Be7 13.Nb5 O-O 14.Nxg4 
Rad8 15.Rxe7 Nxg4 16.Be3 a6 17.Nc3 b5 18.Rxc7 Rfe8 
19.Ne4 f5 20.Nc3 Ref8 21.h3 Nf6 22.Ne2 Nd5 23.Rc5 
f4 24.Bd2 f3 25.Ng3 h6 26.Rac1 b4 27.R1c4 fxg2 
28.Kxg2 Rf7 29.R5c8 Rdf8 30.Rxf8+ Rxf8 31.Bxb4 Nb6 
32.Bxf8 Nxc4 33.dxc4 1-0

[Event "HCL-B3639"]
[Site "www.playchess.de"]
[Date "2006.01.17"]
[Round "12"]
[White "Regicide"]
[Black "mn"]
[WhiteElo "988"]
[BlackElo "1200"]
[PlyCount "70"]
[Result "0-1"]

1.e4 e5 2.Nf3 Nc6 3.c3 Nf6 4.d3 d5 5.Qe2 Bg4 6.Qc2 
d4 7.Ng5 h6 8.Nf3 Qd7 9.Be2 O-O-O 10.b4 Bd6 11.a4 
dxc3 12.Nxc3 Bxb4 13.O-O Bxf3 14.Bxf3 Qxd3 15.Qxd3 
Rxd3 16.Na2 Rhd8 17.Bb2 Rb3 18.Rab1 Rd2 19.Nxb4 
Rdxb2 20.Rxb2 Rxb2 21.Nd3 Rd2 22.Nc5 b6 23.Nb3 Rd3 
24.Nc1 Rd4 25.Nb3 Rxa4 26.g4 Nd4 27.Bd1 Rb4 28.Nd2 
a5 29.Be2 Nxe2+ 30.Kh1 a4 31.Nf3 Rxe4 32.g5 Nd5 
33.Re1 hxg5 34.Nxg5 Ng3+ 35.fxg3 
Rxe1+ 0-1

[Event "HCL-E1539"]
[Site "www.playchess.de"]
[Date "2006.01.17"]
[Round "29"]
[White "HOTSUN"]
[Black "ippuli"]
[WhiteElo "1626"]
[BlackElo "1614"]
[PlyCount "33"]
[Result "1-0"]

1.e4 {hi again}  e5 {Hi! Good luck...}  2.Nf3 f5 
3.d3 {thanks}  Nc6 4.Bg5 Nf6 5.a3 Bc5 6.Nc3 h6 
7.Bxf6 Qxf6 8.Nd5 Qd8 9.b4 Bd4 10.c3 Bb6 11.b5 Ne7 
12.Nxe5 Nxd5 13.Qh5+ g6 14.Qxg6+ Ke7 {OOps...}  
15.Qf7+ {a fatal error.}  Kd6 {Yep...}  16.Nc4+ 
Kc5 17.Qxd5+ 1-0

[Event "HCL-C4065"]
[Site "www.playchess.de"]
[Date "2006.01.17"]
[Round "18"]
[White "alauddin"]
[Black "nico21"]
[WhiteElo "953"]
[BlackElo "1472"]
[PlyCount "68"]
[Result "0-1"]

1.d4 {hello!}  d5 {Hi}  2.Nf3 Nf6 3.Nc3 e6 4.Bf4 
c5 5.e3 Nc6 6.Nb5 e5 7.dxe5 a6 8.exf6 axb5 9.Bxb5 
Qa5+ 10.c3 Qxb5 11.Qxd5 Qxb2 12.O-O Qxc3 13.Qe4+ 
Be6 14.Ng5 Qxf6 15.Qb1 Nd8 16.Qb5+ Bd7 17.Qb6 Qxb6 
18.Rab1 Qc6 19.Rfe1 Bd6 20.Rbd1 Bxf4 21.exf4+ Ne6 
22.Nf3 O-O 23.Ne5 Qa6 24.Nxd7 Rfd8 25.f5 Nd4 
26.Nxc5 Qb5 27.Nd3 Nxf5 28.g4 Rxd3 29.Rdb1 Qd7 
30.gxf5 Qxf5 31.Rxb7 g6 32.Rbb1 Rd2 33.Rbd1 Qxf2+ 
34.Kh1 Qxh2+ 0-1